[Event "AUTO-MASTER-3028"]
[Site "http://www.queenalice.com/game.php?id=1765849"]
[Date "2021.7.31"]
[Round "2"]
[White "StenioVS"]
[Black "cerenzo72"]
[Result "0-1"]
[WhiteElo "2127"]
[BlackElo "2105"]

1. d4 Nf6 2. c4 b6 3. Nf3 Bb7 4. g3 Bxf3 5. exf3 e6 6. Bg2 c6 7. Nc3 Bb4 8. O-O
O-O 9. Qd3 Be7 10. b3 d5 11. Bb2 Nbd7 12. Rfe1 c5 13. Rad1 cxd4 14. Qxd4 e5 15.
Qd2 d4 16. Ne4 Nxe4 17. fxe4 a5 18. Rf1 Rc8 19. f4 f6 20. Bh3 Qe8 21. Be6+ Kh8
22. Bd5 Bb4 23. Qg2 Qe7 24. f5 Qc5 25. Kh1 b5 26. g4 Nb6 27. Rg1 bxc4 28. bxc4
Nxc4 29. g5 Ne3 30. Qh3 Nxd1 31. gxf6 Nf2+ 0-1

[Event "AUTO-MASTER-3028"]
[Site "http://www.queenalice.com/game.php?id=1765850"]
[Date "2021.7.31"]
[Round "2"]
[White "pomar"]
[Black "StenioVS"]
[Result "0-1"]
[WhiteElo "1961"]
[BlackElo "2101"]

1. f3 g6 2. Kf2 Bg7 3. e3 c5 4. c4 Nc6 5. Nc3 Nf6 6. a3 O-O 7. Bd3 d5 8. cxd5
Ne5 9. Be2 Nxd5 10. Qb3 Nb6 11. Qc2 c4 12. a4 Nd5 13. Ne4 Nb4 14. Qc3 Ned3+ 15.
Bxd3 Nxd3+ 16. Ke2 Bxc3 17. bxc3 Nxc1+ 18. Rxc1 Qd3+ 0-1

[Event "AUTO-MASTER-3028"]
[Site "http://www.queenalice.com/game.php?id=1765851"]
[Date "2021.7.31"]
[Round "2"]
[White "StenioVS"]
[Black "pomar"]
[Result "1-0"]
[WhiteElo "2119"]
[BlackElo "1950"]

1. d4 e6 2. Nf3 d5 3. g3 c5 4. Bg2 Qb6 5. O-O Nc6 6. dxc5 Bxc5 7. c4 Nf6 8. cxd5
exd5 9. Nc3 Bxf2+ 10. Rxf2 Ng4 11. e3 Nxf2 12. Kxf2 Be6 13. Nd4 O-O-O 14. Kg1 g6
15. Kh1 Rhe8 16. Na4 Qc7 17. Bd2 Nxd4 18. exd4 Qd7 19. Bf4 Qb5 20. Rc1+ Kd7 21.
Rc7# 1-0

[Event "AUTO-MASTER-3030"]
[Site "http://www.queenalice.com/game.php?id=1771654"]
[Date "2021.10.8"]
[Round "2"]
[White "StenioVS"]
[Black "worldwide"]
[Result "0-1"]
[WhiteElo "2143"]
[BlackElo "1979"]

1. g3 d5 2. Bg2 e5 3. c4 d4 4. d3 c5 5. Nf3 Nc6 6. O-O Bd6 7. Qa4 Bd7 8. Qd1 h6
9. e3 Nf6 10. e4 g5 11. h4 Nh7 12. Na3 Bg4 13. Qb3 a6 14. Qxb7 Na5 0-1

[Event "AUTO-MASTER-3030"]
[Site "http://www.queenalice.com/game.php?id=1771655"]
[Date "2021.10.8"]
[Round "2"]
[White "worldwide"]
[Black "StenioVS"]
[Result "0-1"]
[WhiteElo "1989"]
[BlackElo "2135"]

1. Nf3 b6 2. e4 Bb7 3. Nc3 e6 4. d4 Bb4 5. Bd3 Nf6 6. Nd2 c5 7. dxc5 Bxc5 8. e5
Nd5 9. Nxd5 Bxd5 10. Qg4 g6 11. Ne4 Bxe4 12. Bxe4 Nc6 13. Bg5 Be7 14. Bxe7 Qxe7
15. Bxc6 dxc6 16. O-O O-O-O 17. Qa4 Kb7 18. c4 c5 19. a3 Qc7 20. Rfe1 Rd4 21.
Rad1 Rhd8 22. Kf1 Rxd1 23. Rxd1 Rxd1+ 24. Qxd1 Qxe5 25. Qd7+ Qc7 26. Qxc7+ Kxc7
27. Ke2 e5 0-1

[Event "AUTO-OPEN-4254"]
[Site "http://www.queenalice.com/game.php?id=1772660"]
[Date "2021.10.19"]
[Round "2"]
[White "StenioVS"]
[Black "Tonto"]
[Result "1-0"]
[WhiteElo "2126"]
[BlackElo "1864"]

1. Nf3 d5 2. g3 e6 3. Bg2 Nf6 4. O-O Be7 5. d3 c5 6. Nbd2 Nc6 7. e4 Bd6 8. Re1
O-O 9. e5 Nxe5 10. Nxe5 Qb6 11. c4 Bd7 12. Nxd7 Nxd7 13. cxd5 exd5 14. Bxd5 Nf6
15. Bg2 Rab8 16. Nc4 Qc7 17. Nxd6 Qxd6 18. Bf4 1-0

[Event "AUTO-OPEN-4254"]
[Site "http://www.queenalice.com/game.php?id=1772661"]
[Date "2021.10.19"]
[Round "2"]
[White "Tonto"]
[Black "StenioVS"]
[Result "0-1"]
[WhiteElo "1898"]
[BlackElo "2148"]

1. e4 g6 2. d4 Bg7 3. c3 c5 4. d5 d6 5. Be2 Nf6 6. Nd2 O-O 7. Ngf3 Na6 8. O-O
Nc7 9. Bd3 b5 10. a3 a5 11. c4 bxc4 12. Nxc4 e5 13. h3 Nb5 14. Ncxe5 dxe5 15.
Bxb5 Nxe4 16. Qc2 Nd6 17. Bc6 Rb8 18. Qxc5 Nf5 19. Bg5 f6 20. Bd2 Qd6 21. Qxa5
Rxb2 22. Bb4 Rxb4 23. Qxb4 Ba6 24. Qxd6 Nxd6 25. Rfc1 e4 26. Nd2 f5 27. Nb3 Bxa1
28. Rxa1 Bd3 29. Nc5 Bc4 30. a4 f4 31. Rc1 e3 32. f3 e2 33. Nd7 Rf7 34. Kf2 Re7
35. Ke1 Bb3 36. Nc5 Bd1 37. a5 Nf5 38. Ne6 Ne3 39. Kd2 Nxg2 40. Rxd1 exd1=Q+ 41.
Kxd1 Ne3+ 42. Kc1 Ra7 43. d6 Ra6 44. Nd4 Kf7 45. d7 Ke7 46. Bb5 Rd6 47. a6 Nd5
48. Nc6+ Kxd7 49. Ne5+ Kc7 50. Nc4 Rd8 51. Ne5 Kb6 52. Bf1 Nc7 53. Nf7 Rf8 54.
Bc4 Nxa6 55. Ne5 Rd8 56. Nf7 Rd4 57. Bf1 Nc5 58. Ng5 h6 59. Nf7 h5 60. h4 Nd7
61. Nh8 Ne5 62. Kc2 Rd8 0-1

[Event "AUTO-OPEN-4254"]
[Site "http://www.queenalice.com/game.php?id=1772662"]
[Date "2021.10.19"]
[Round "2"]
[White "StenioVS"]
[Black "uschmidi"]
[Result "1/2-1/2"]
[WhiteElo "2169"]
[BlackElo "2000"]

1. Nf3 d5 2. g3 e6 3. Bg2 Bd6 4. O-O f5 5. d3 Nf6 6. Nbd2 O-O 7. e4 fxe4 8. dxe4
dxe4 9. Ng5 c6 10. Ndxe4 Nxe4 11. Nxe4 Bc7 12. Qh5 e5 13. Bg5 Qe8 14. Qh4 h6 15.
Be3 Bd8 16. Nd6 Bxh4 17. Nxe8 Rxe8 18. gxh4 Bf5 19. c3 Nd7 20. Rad1 Nf6 21. Bc5
Bg4 22. f3 Be6 23. b3 Nd5 24. c4 Nf4 25. Rd6 b6 26. Be3 c5 27. Rfd1 Rac8 28. Bf1
Bf5 29. Kf2 Ne6 30. Rd7 Rcd8 31. Rxd8 Rxd8 32. Rxd8+ Nxd8 33. f4 e4 34. Bg2 Nf7
35. a3 Nd6 36. Bf1 Kf7 37. b4 cxb4 38. axb4 Ke6 39. c5 bxc5 40. bxc5 Nb7 41. c6
Nd6 42. Bxa7 Ke7 43. Bc5 Ke6 44. Ba6 Kd5 45. Bxd6 Kxd6 46. Bb7 Kc7 47. Ke3 h5
48. Kd4 Kd6 49. Ba6 Kxc6 50. Bc4 Kd6 51. Bd5 g6 52. Bxe4 Bxe4 53. Kxe4 Ke6 54.
h3 Kf6 55. Kf3 Kf5 56. Ke3 Ke6 57. Ke4 Kf6 58. Ke3 Kf5 1/2-1/2

[Event "AUTO-OPEN-4254"]
[Site "http://www.queenalice.com/game.php?id=1772663"]
[Date "2021.10.19"]
[Round "2"]
[White "uschmidi"]
[Black "StenioVS"]
[Result "0-1"]
[WhiteElo "2032"]
[BlackElo "2130"]

1. e4 g6 2. d4 Bg7 3. Nf3 c5 4. c3 cxd4 5. cxd4 d5 6. e5 Bg4 7. Be2 Bxf3 8. Bxf3
e6 9. O-O Ne7 10. Nc3 Nbc6 11. Be3 O-O 12. Bg5 Qb6 13. Bxe7 Nxe7 14. Qd2 Nf5 15.
Rad1 Rfc8 16. a3 Bh6 17. Qd3 Qxb2 18. Na4 Qc2 19. Qxc2 Rxc2 20. Nc5 Nxd4 21.
Nxb7 Nxf3+ 22. gxf3 Bf4 23. Rfe1 Rb8 24. Nd6 Rbb2 0-1

[Event "AUTO-MASTER-3030"]
[Site "http://www.queenalice.com/game.php?id=1774740"]
[Date "2021.11.13"]
[Round "3"]
[White "chessman"]
[Black "StenioVS"]
[Result "0-1"]
[WhiteElo "2015"]
[BlackElo "2161"]

1. e4 d6 2. d4 e5 3. dxe5 dxe5 4. Qxd8+ Kxd8 5. Bc4 Be6 6. Bxe6 fxe6 7. Nf3 Bd6
8. Nc3 Nf6 9. Ng5 Ke7 10. Be3 Nc6 11. a3 a6 12. f3 h6 13. Nh3 Rad8 14. O-O g5
15. Nf2 Rdg8 16. Rfd1 h5 17. Rd2 g4 18. Kh1 h4 19. fxg4 Nxg4 20. Nxg4 Rxg4 21.
Rf1 Rhg8 22. h3 R4g7 23. Rdf2 Nd8 24. b4 Rg3 25. Bd2 R8g7 26. Nb1 Nf7 27. c4 b6
28. Be1 Rb3 29. Bd2 Rh7 30. Bc1 Rxb1 31. Bg5+ Nxg5 32. Rxb1 Nxe4 33. Rc2 Ng3+
34. Kg1 e4 0-1

[Event "AUTO-MASTER-3030"]
[Site "http://www.queenalice.com/game.php?id=1774741"]
[Date "2021.11.13"]
[Round "3"]
[White "StenioVS"]
[Black "chessman"]
[Result "1-0"]
[WhiteElo "2139"]
[BlackElo "2057"]

1. e4 e6 2. d3 d5 3. Nd2 Nf6 4. Ngf3 dxe4 5. dxe4 Be7 6. g3 O-O 7. Bg2 c5 8. O-O
Nc6 9. Re1 Qc7 10. e5 Nd5 11. Nc4 Rd8 12. Qe2 b5 13. Nd6 Bxd6 14. exd6 Qxd6 15.
Qxb5 Rb8 16. Qe2 Bb7 17. c4 Nb6 18. Bf4 e5 19. Rad1 Qxd1 20. Rxd1 Rxd1+ 21. Qxd1
exf4 22. Ne5 Rd8 23. Qf1 Nxe5 24. Bxb7 fxg3 25. hxg3 Nexc4 26. Bg2 Nxb2 27. Qa6
Rf8 28. Qxa7 N6a4 29. Bc6 Nc3 30. a4 h6 31. a5 Nd3 32. Qb7 1-0

[Event "AUTO-MASTER-3030"]
[Site "http://www.queenalice.com/game.php?id=1774744"]
[Date "2021.11.13"]
[Round "3"]
[White "clovis"]
[Black "StenioVS"]
[Result "0-1"]
[WhiteElo "2158"]
[BlackElo "2149"]

1. e4 d6 2. Nf3 e5 3. Bc4 Be7 4. Nc3 Nf6 5. O-O O-O 6. d4 Nc6 7. Bg5 h6 8. Bh4
Bg4 9. dxe5 Nxe5 10. Be2 Ng6 11. Bg3 Nh5 12. e5 Nxg3 13. hxg3 dxe5 14. Nxe5 Qxd1
15. Bxd1 Nxe5 16. Re1 Bd6 17. Bxg4 Nxg4 18. Ne4 Rfe8 19. Nxd6 cxd6 20. f3 Nf6
21. Kf2 Kf8 0-1

[Event "AUTO-MASTER-3030"]
[Site "http://www.queenalice.com/game.php?id=1774745"]
[Date "2021.11.13"]
[Round "3"]
[White "StenioVS"]
[Black "clovis"]
[Result "0-1"]
[WhiteElo "2152"]
[BlackElo "2126"]

1. e4 e5 2. Nf3 Nc6 3. Nc3 Nf6 4. d3 Bc5 5. Bg5 d6 6. Be2 Be6 7. O-O O-O 8. h3
Qd7 9. Bxf6 gxf6 10. Nd5 Bxd5 11. exd5 Nd4 12. c3 Nxe2+ 13. Qxe2 Kh8 14. b4 Rg8
15. bxc5 Qxh3 16. g3 Rg4 17. Nh2 Rh4 18. gxh4 Rg8+ 19. Ng4 f5 20. f3 fxg4 21.
Qh2 gxf3+ 22. Kh1 Qg2+ 23. Qxg2 fxg2+ 24. Kh2 gxf1=Q 25. Rxf1 Kg7 0-1

[Event "AUTO-MASTER-3030"]
[Site "http://www.queenalice.com/game.php?id=1774748"]
[Date "2021.11.13"]
[Round "3"]
[White "StenioVS"]
[Black "worldwide"]
[Result "0-1"]
[WhiteElo "2164"]
[BlackElo "2046"]

1. e4 e5 2. Nf3 Nc6 3. d3 d6 4. g3 Nf6 5. Bg2 Qe7 6. O-O Bg4 7. c3 Qd7 8. Re1 h5
9. b4 h4 10. Bg5 Rh5 11. Be3 a6 12. a4 d5 13. h3 Bxh3 14. exd5 Bxg2 15. dxc6 Qh3
16. Nh2 hxg3 0-1

[Event "AUTO-MASTER-3030"]
[Site "http://www.queenalice.com/game.php?id=1774749"]
[Date "2021.11.13"]
[Round "3"]
[White "worldwide"]
[Black "StenioVS"]
[Result "1-0"]
[WhiteElo "2086"]
[BlackElo "2139"]

1. Nf3 Nf6 2. d4 g6 3. e3 Bg7 4. c4 d5 5. Bd3 O-O 6. O-O Bg4 7. cxd5 Nxd5 8. h3
Bd7 9. e4 Nb4 10. Be2 N8c6 11. a3 Na6 12. e5 e6 13. Bg5 Qe8 14. Nc3 h6 15. Bd2
Ne7 16. Ne4 Nd5 17. Qc1 Kh7 18. Nf6+ Nxf6 19. exf6 Bxf6 20. Bxh6 Bg7 21. Bxg7
Kxg7 22. Ne5 Rd8 23. Bxa6 bxa6 24. Qxc7 Bb5 25. Rfc1 Rxd4 26. Qxa7 1-0

[Event "Challenge"]
[Site "http://www.queenalice.com/game.php?id=1775388"]
[Date "2021.11.22"]
[Round "-"]
[White "jpribeiro"]
[Black "StenioVS"]
[Result "0-1"]
[WhiteElo "1681"]
[BlackElo "2126"]

1. e4 d6 2. d4 e5 3. dxe5 dxe5 4. Qxd8+ Kxd8 5. Bc4 Be6 6. Bxe6 fxe6 7. Bg5+ Nf6
8. Nc3 Bd6 9. O-O-O a6 10. Nf3 Ke7 11. a3 Nc6 12. Rd3 Rab8 0-1

[Event "Challenge"]
[Site "http://www.queenalice.com/game.php?id=1775389"]
[Date "2021.11.22"]
[Round "-"]
[White "StenioVS"]
[Black "jpribeiro"]
[Result "1-0"]
[WhiteElo "2125"]
[BlackElo "1683"]

1. e4 e5 2. Nf3 Nf6 3. d3 d6 4. g3 Be7 5. Bg2 h6 6. Na3 O-O 7. O-O Bg4 8. Be3 c5
9. h3 Bd7 10. Qd2 Kh7 11. c3 1-0

[Event "AUTO-OPEN-4254"]
[Site "http://www.queenalice.com/game.php?id=1776215"]
[Date "2021.12.4"]
[Round "3"]
[White "Artking"]
[Black "StenioVS"]
[Result "0-1"]
[WhiteElo "2072"]
[BlackElo "2127"]

1. Nf3 b6 2. g3 Bb7 3. Bg2 Nf6 4. O-O g6 5. d4 Bg7 6. c4 O-O 7. Nc3 d5 8. Ne5 c6
9. b3 e6 10. Bg5 h6 11. Bd2 Nfd7 12. f4 Nf6 13. Qc2 Na6 14. a3 Rc8 15. Rac1 Qe7
16. e4 dxe4 17. Nxe4 c5 18. f5 Nxe4 19. f6 Nxf6 20. Rxf6 Bxf6 21. Bxh6 Bg7 22.
Bxb7 Bxh6 23. Bxa6 Bxc1 24. Bxc8 Bxa3 25. Bb7 Qxb7 26. Qd2 Qe4 0-1

[Event "AUTO-OPEN-4254"]
[Site "http://www.queenalice.com/game.php?id=1776216"]
[Date "2021.12.4"]
[Round "3"]
[White "StenioVS"]
[Black "Artking"]
[Result "0-1"]
[WhiteElo "2137"]
[BlackElo "2081"]

1. g3 g6 2. c4 Bg7 3. Bg2 c6 4. Nf3 d6 5. O-O Nf6 6. d4 Nbd7 7. Nc3 O-O 8. b3 e5
9. Bb2 e4 10. Ng5 d5 11. cxd5 cxd5 12. Nh3 Re8 13. e3 a6 14. Nf4 Nf8 15. b4 Bg4
16. Qb3 Be6 17. a4 Qd7 18. Rfc1 Rac8 19. b5 axb5 20. Nxb5 g5 21. Ne2 Bh3 22.
Rxc8 Rxc8 23. Rc1 Rxc1+ 24. Nxc1 Ng6 25. Ba3 Bxg2 26. Kxg2 Nh4+ 27. gxh4 Qg4+
28. Kf1 Qh3+ 29. Ke1 Qxh2 30. Bd6 Qg1+ 31. Kd2 Qxf2+ 0-1